Primer centenario del ferrocarril en San Luis Potosí 1888-1988 / (Record no. 67235)

MARC details
000 -LEADER
fixed length control field 00627cam a2200169 a 4500
008 - FIXED-LENGTH DATA ELEMENTS--GENERAL INFORMATION
fixed length control field 040709s1991 mx 000 0 spa u
020 ## - INTERNATIONAL STANDARD BOOK NUMBER
International Standard Book Number 986415173
050 00 - LIBRARY OF CONGRESS CALL NUMBER
Classification number HE2819 .S26
Item number P75 1991
245 00 - TITLE STATEMENT
Title Primer centenario del ferrocarril en San Luis Potosí 1888-1988 /
Statement of responsibility, etc Carmen Cordero de Burgos...[et al.].
250 ## - EDITION STATEMENT
Edition statement 1a ed.
260 ## - PUBLICATION, DISTRIBUTION, ETC. (IMPRINT)
Place of publication, distribution, etc San Luis Potosí, S.L.P., Mex. :
Name of publisher, distributor, etc Archivo Histórico del Estado de San Luis Potosí,
Date of publication, distribution, etc 1991.
300 ## - PHYSICAL DESCRIPTION
Extent 122 p. ;
Dimensions 23 cm.
650 #4 - SUBJECT ADDED ENTRY--TOPICAL TERM
Topical term or geographic name as entry element Ferrocarriles
Geographic subdivision México
-- San Luis Potosí
General subdivision Historia
700 1# - ADDED ENTRY--PERSONAL NAME
Personal name Cordero de Burgos, Carmen, coaut.
942 ## - ADDED ENTRY ELEMENTS (KOHA)
Source of classification or shelving scheme Biblioteca del Cogreso de los Estados Unidos
Koha item type Libro
Holdings
Estado de pérdida Fuente de clasificación Estado del daño No para préstamo Ubicación permanente Ubicación actual Apartado o colección Fecha de adquisición Edición Dependencia de educación superior (DES) Área del conocimiento Clasificación Código de Barras Date last seen Número de copia Tipo de recurso
  Biblioteca del Cogreso de los Estados Unidos     Biblioteca del Instituto de Investigaciones Históricas Biblioteca del Instituto de Investigaciones Históricas General 03/09/2018 1a ed. Humanidades Ciencias Sociales y Administrativas HE2819 .S26 P75 1991 IIH000025399 03/09/2018 C:1 Libro